000 00972nam a22003137a 4500
001 000399
003 DO-SdBNP
005 20180223131246.0
007 000399
008 160718b 1999 mx a 00| 0 spa d
020 _a968190625X
040 _aBPMSU
_bspa
_cBPMSU
041 _aspa
_heng
082 4 _axxxxx
_bxxxxx
100 1 _aDahl, Roald,
_d1916-1990.
240 _aJames and the giant peach.
_lEspañol
245 1 _aJames y el melocotón gigante /
_cRoald Dahl ; traducción de Leopoldo Rodríguez ; ilustraciones de Quentin Blake.
260 _aMéxico :
_bAlfaguara,
_c1999.
300 _a178 p. :
_bil. ;
_c20 cm.
490 _a
500 _aIncluye datos biográficos del autor.
500 _aPrimera reimpresión: junio de 2000.
700 1 2 _aBlake, Quentin,
_d1932-
700 1 2 _aRodríguez, Leopoldo,
_etr.
700 1 2 _aPuncel, María
942 _2ddc
_cBK
945 _aInventariado, 2018 / BT
956 _2LOPEREZ
_310
_620160718
_8BPMSU
_a00041
999 _c10921
_d10921